[Event "ROM-chT"]
[Site "Oradea"]
[Date "2022.09.22"]
[Round "2.2"]
[White "Pranav, Vijay"]
[Black "Kozak, Adam"]
[Result "1-0"]
[WhiteElo "2530"]
[BlackElo "2516"]
[PlyCount "81"]
[EventDate "2022.09.21"]
[EventType "team-tourn"]
[EventRounds "9"]
[EventCountry "ROU"]
[SourceTitle "EXT 2024"]
[Source "ChessBase"]
[SourceDate "2023.10.10"]
[SourceVersion "1"]
[SourceVersionDate "2023.10.10"]
[SourceQuality "1"]
[WhiteTeam "Baia Mare Municipiului"]
[BlackTeam "Galati Smart"]
[WhiteTeamCountry "ROU"]
[BlackTeamCountry "ROU"]

1. e4 e6 2. d4 d5 3. Nc3 Bb4 4. e5 c5 5. a3 Bxc3+ 6. bxc3 Qc7 7. h4 Ne7 8. h5 h6 9. Rh4 Nbc6 10. Nf3 Bd7 11. Rg4 Nf5 12. Qd2 f6 13. exf6 gxf6 14. dxc5 0-0-0 15. Rb1 e5 16. Rg6 Rhe8 17. Bb5 d4 18. Ng1 a6 19. Be2 e4 20. Qf4 Ne5 21. Rxf6 d3 22. Rxf5 dxc2 23. Rb4 Nd3+ 24. Bxd3 exd3+ 25. Kd2 Bxf5 26. Qxf5+ Kb8 27. Qf4 Rf8 28. Qxc7+ Kxc7 29. Nf3 Rg8 30. Nd4 Rde8 31. Kxd3 Rxg2 32. Nxc2 Rxf2 33. Bxh6 Rd8+ 34. Nd4 Rf5 35. Ke4 Rf6 36. Bg7 Re8+ 37. Kd5 Rf1 38. h6 Rh1 39. Rb6 Re3 40. Be5+ Kc8 41. Nf5 1-0

[Event "ROM-chT"]
[Site "Oradea"]
[Date "2022.09.21"]
[Round "1.4"]
[White "Sumets, Andrey"]
[Black "Pranav, Vijay"]
[Result "1/2-1/2"]
[WhiteElo "2513"]
[BlackElo "2530"]
[PlyCount "61"]
[EventDate "2022.09.21"]
[EventType "team-tourn"]
[EventRounds "9"]
[EventCountry "ROU"]
[SourceTitle "EXT 2024"]
[Source "ChessBase"]
[SourceDate "2023.10.10"]
[SourceVersion "1"]
[SourceVersionDate "2023.10.10"]
[SourceQuality "1"]
[WhiteTeam "Craiova Oltenia"]
[BlackTeam "Baia Mare Municipiului"]
[WhiteTeamCountry "ROU"]
[BlackTeamCountry "ROU"]

1. d4 Nf6 2. c4 e6 3. Nc3 Bb4 4. Qc2 0-0 5. a3 Bxc3+ 6. Qxc3 Ne4 7. Qc2 f5 8. Nh3 d6 9. f3 Nf6 10. e3 e5 11. Be2 Nc6 12. d5 Ne7 13. 0-0 a5 14. b3 c6 15. dxc6 Nxc6 16. Rd1 Qe7 17. Qd2 Rd8 18. Bb2 d5 19. cxd5 Nxd5 20. Bc4 Be6 21. Qe2 h6 22. Nf2 Bf7 23. Rac1 Rac8 24. Re1 Nf6 25. e4 fxe4 26. Nxe4 Nd5 27. g3 Nc7 28. Red1 Ne6 29. Bxe6 Qxe6 30. Nc5 Qe7 31. Qe3 1/2-1/2

[Event "Dubai HOC blitz op"]
[Site "Dubai"]
[Date "2019.08.11"]
[Round "2"]
[White "Maghsoodloo, Parham"]
[Black "Pranav, Vijay"]
[Result "1-0"]
[WhiteElo "2729"]
[BlackElo "2201"]
[PlyCount "95"]
[EventDate "2019.08.11"]
[EventType "swiss (blitz)"]
[EventRounds "9"]
[EventCountry "UAE"]
[SourceTitle "EXT 2020"]
[Source "ChessBase"]
[SourceDate "2019.10.17"]
[SourceVersion "1"]
[SourceVersionDate "2019.10.17"]
[SourceQuality "1"]

1. c4 e5 2. g3 Nf6 3. Nc3 Nc6 4. Bg2 Bc5 5. e3 d6 6. Nge2 a6 7. d4 Ba7 8. 0-0 0-0 9. b3 Bg4 10. h3 Bd7 11. dxe5 Nxe5 12. Nf4 Rb8 13. a4 Re8 14. Ba3 Bc6 15. Ncd5 Nxd5 16. cxd5 Bd7 17. Bb2 a5 18. Rc1 b5 19. Bc3 Bb6 20. Re1 bxa4 21. bxa4 Re7 22. Ne2 Qe8 23. Ra1 Bf5 24. Nd4 Bd7 25. Kh2 Ng6 26. e4 Nf8 27. f4 f6 28. Qc2 Ra8 29. Nc6 Bxc6 30. dxc6 Ne6 31. e5 dxe5 32. fxe5 fxe5 33. Rxe5 Nd4 34. Bxd4 Rxe5 35. Bxe5 Qxe5 36. Rf1 g6 37. Qc4+ Kh8 38. Rf7 Qe3 39. Qf1 Qe5 40. Rf8+ Kg7 41. Rxa8 Bc5 42. Rxa5 Bg1+ 43. Qxg1 Qxa5 44. Qd4+ Kg8 45. Bd5+ Kf8 46. Qf6+ Ke8 47. Qf7+ Kd8 48. Qf6+ 1-0

[Event "Dubai HOC blitz op"]
[Site "Dubai"]
[Date "2019.08.11"]
[Round "5"]
[White "Pranav, Vijay"]
[Black "Delloro, Noli"]
[Result "1-0"]
[WhiteElo "2201"]
[BlackElo "1784"]
[PlyCount "89"]
[EventDate "2019.08.11"]
[EventType "swiss (blitz)"]
[EventRounds "9"]
[EventCountry "UAE"]
[SourceTitle "EXT 2020"]
[Source "ChessBase"]
[SourceDate "2019.10.17"]
[SourceVersion "1"]
[SourceVersionDate "2019.10.17"]
[SourceQuality "1"]

1. e4 Nc6 2. d4 e5 3. dxe5 Nxe5 4. Nf3 Ng6 5. Nc3 d6 6. Bc4 Be7 7. h4 Nf6 8. h5 Ne5 9. Nxe5 dxe5 10. Qe2 h6 11. Be3 Be6 12. Bxe6 fxe6 13. Qb5+ Kf7 14. Rd1 Qc8 15. Qxe5 Bd6 16. Qd4 e5 17. Qc4+ Qe6 18. Qxe6+ Kxe6 19. f3 a6 20. Ne2 Rad8 21. Ng3 Rhe8 22. Nf5 Bb4+ 23. c3 Bf8 24. g4 b5 25. Ke2 a5 26. Rxd8 Rxd8 27. g5 hxg5 28. Bxg5 b4 29. c4 b3 30. a3 a4 31. h6 gxh6 32. Nxh6 Rd7 33. Bxf6 Kxf6 34. Ng4+ Ke6 35. Rh8 Bxa3 36. Rh6+ Ke7 37. bxa3 Rd6 38. Rxd6 cxd6 39. Kd3 Kf7 40. Ne3 Kf6 41. Nd5+ Kg5 42. Nc3 Kf4 43. Nxa4 Kxf3 44. Nb2 Kg4 45. a4 1-0

[Event "Sharjah Masters 2nd"]
[Site "Sharjah"]
[Date "2018.04.14"]
[Round "3"]
[White "Pranav, Vijay"]
[Black "Bharath, Subramaniyam H"]
[Result "0-1"]
[WhiteElo "2366"]
[BlackElo "1997"]
[PlyCount "154"]
[EventDate "2018.04.12"]
[EventType "swiss"]
[EventRounds "9"]
[EventCountry "UAE"]
[SourceTitle "CBM 184 Extra"]
[Source "ChessBase"]
[SourceDate "2018.06.28"]
[SourceVersion "1"]
[SourceVersionDate "2018.06.28"]
[SourceQuality "1"]

1. Nf3 Nf6 2. g3 d5 3. Bg2 Bf5 4. 0-0 c6 5. d3 h6 6. Nbd2 e6 7. b3 Be7 8. Bb2 0-0 9. Ne5 Nbd7 10. e4 Bh7 11. f4 Nxe5 12. fxe5 Nd7 13. Qe2 Qa5 14. c4 d4 15. Bxd4 Nxe5 16. Be3 Qc3 17. d4 Ng4 18. Bf4 Qxd4+ 19. Kh1 e5 20. Qxg4 exf4 21. Nf3 Qf6 22. Rae1 Bb4 23. Re2 fxg3 24. Qxg3 Rae8 25. e5 Qg6 26. Qf4 Qh5 27. Rg1 Qf5 28. Qg3 Bc5 29. Rf1 Qg6 30. Qe1 Qd3 31. Ng1 Rd8 32. Nh3 Bb4 33. Qf2 Qd4 34. Qg3 Bd3 35. Rd1 Bxe2 36. Rxd4 Rxd4 37. Nf2 Bh5 38. Bf3 Bg6 39. e6 Bd6 40. Qh3 Rf4 41. Qg3 Kh7 42. Nh3 Rd4 43. Qg1 Rd3 44. Qg4 fxe6 45. Be4 Rd1+ 46. Ng1 Bxe4+ 47. Qxe4+ Kh8 48. Kg2 Rd2+ 49. Ne2 Bc5 50. Kh3 Rf6 51. Nf4 Bd6 52. Ng6+ Kg8 53. Ne5 Bxe5 54. Qxe5 Kh7 55. Qe4+ Rg6 56. a4 Rdg2 57. b4 R2g5 58. Qe2 Rf5 59. c5 a6 60. Qd1 e5 61. Qe2 e4 62. Qd1 e3 63. Qe2 Re5 64. Kh4 Re4+ 65. Kh3 Kh8 66. Qf3 Re5 67. Qe2 Rf6 68. Qb2 Rff5 69. Qe2 Rf2 70. Qe1 e2 71. b5 Rf1 72. bxa6 Rxe1 73. a7 Re8 74. Kg4 Rg1+ 75. Kh5 Re5+ 76. Kh4 e1Q+ 77. Kh3 Rh5# 0-1

[Event "Chennai op 7th"]
[Site "Chennai"]
[Date "2014.12.31"]
[Round "2"]
[White "Pranav, Vijay"]
[Black "David, Alberto"]
[Result "0-1"]
[WhiteElo "2296"]
[BlackElo "2578"]
[PlyCount "52"]
[EventDate "2014.12.30"]
[EventType "swiss"]
[EventRounds "10"]
[EventCountry "IND"]
[SourceTitle "CBM 164 Extra"]
[Source "ChessBase"]
[SourceDate "2015.03.02"]
[SourceVersion "1"]
[SourceVersionDate "2015.03.02"]
[SourceQuality "1"]

1. d4 Nf6 2. c4 e6 3. g3 c5 4. d5 exd5 5. cxd5 d6 6. Nc3 g6 7. Bg2 Bg7 8. Nf3 0-0 9. 0-0 Re8 10. Nd2 a6 11. a4 Nbd7 12. h3 b6 13. e4 Ne5 14. f4 Nd3 15. Nc4 Nxc1 16. Qxc1 Nh5 17. g4 Bd4+ 18. Kh2 Bxg4 19. e5 dxe5 20. d6 exf4 21. Nd5 f3 22. Bxf3 Bxf3 23. Rxf3 Re2+ 24. Kh1 Qh4 25. Ne7+ Kh8 26. Qf1 Qe4 0-1

[Event "Hoogeveen Unive op 18th"]
[Site "Hoogeveen"]
[Date "2014.10.17"]
[Round "8"]
[White "Pranav, Vijay"]
[Black "Antoli Royo, Joaquin Miguel"]
[Result "1/2-1/2"]
[WhiteElo "2197"]
[BlackElo "2450"]
[PlyCount "50"]
[EventDate "2014.10.11"]
[EventType "swiss"]
[EventRounds "9"]
[EventCountry "NED"]
[SourceTitle "EXT 2015"]
[Source "ChessBase"]
[SourceDate "2014.11.20"]
[SourceVersion "1"]
[SourceVersionDate "2014.11.20"]
[SourceQuality "1"]

1. d4 Nf6 2. c4 c5 3. d5 b5 4. cxb5 a6 5. bxa6 g6 6. Nc3 Bxa6 7. g3 d6 8. Bg2 Bg7 9. Nf3 Nbd7 10. Rb1 0-0 11. 0-0 Qa5 12. Bd2 Nb6 13. b3 Rfb8 14. a4 Nbd7 15. Qc2 Qc7 16. Rfd1 Rb7 17. e4 Ng4 18. Bf1 Qc8 19. Bxa6 Rxa6 20. Kg2 Qa8 21. Bf4 Rb4 22. Na2 Rb8 23. Nc3 Rb4 24. Na2 Rb7 25. Nc3 Rb4 1/2-1/2

[Event "Hoogeveen Unive op 18th"]
[Site "Hoogeveen"]
[Date "2014.10.15"]
[Round "5"]
[White "Malaniuk, Vladimir P"]
[Black "Pranav, Vijay"]
[Result "1/2-1/2"]
[WhiteElo "2495"]
[BlackElo "2197"]
[PlyCount "44"]
[EventDate "2014.10.11"]
[EventType "swiss"]
[EventRounds "9"]
[EventCountry "NED"]
[SourceTitle "EXT 2015"]
[Source "ChessBase"]
[SourceDate "2014.11.20"]
[SourceVersion "1"]
[SourceVersionDate "2014.11.20"]
[SourceQuality "1"]

1. d4 Nf6 2. c4 g6 3. Nc3 d5 4. cxd5 Nxd5 5. Bd2 Bg7 6. e4 Nb6 7. Be3 0-0 8. h3 e5 9. d5 c6 10. Qb3 cxd5 11. exd5 e4 12. Rd1 Re8 13. Bb5 Bd7 14. Nge2 Na6 15. 0-0 Rc8 16. d6 Nc5 17. Qb4 Bxb5 18. Qxb5 Qd7 19. b4 Qxb5 20. Nxb5 Ncd7 21. Nxa7 Rc2 22. Nf4 Rxa2 1/2-1/2

[Event "Hoogeveen Unive op 18th"]
[Site "Hoogeveen"]
[Date "2014.10.12"]
[Round "2"]
[White "Bakels, Anton"]
[Black "Pranav, Vijay"]
[Result "0-1"]
[WhiteElo "2056"]
[BlackElo "2197"]
[PlyCount "82"]
[EventDate "2014.10.11"]
[EventType "swiss"]
[EventRounds "9"]
[EventCountry "NED"]
[SourceTitle "EXT 2015"]
[Source "ChessBase"]
[SourceDate "2014.11.20"]
[SourceVersion "1"]
[SourceVersionDate "2014.11.20"]
[SourceQuality "1"]

1. e4 c6 2. d4 d5 3. Nc3 dxe4 4. Nxe4 Bf5 5. Ng3 Bg6 6. Nh3 e6 7. Nf4 Bd6 8. h4 Qc7 9. Nxg6 hxg6 10. Ne4 Bf4 11. g3 Bxc1 12. Qxc1 Ne7 13. Bg2 Nd7 14. Ng5 Nf6 15. c3 Nf5 16. Qc2 0-0-0 17. 0-0-0 Rd7 18. Ne4 Nxe4 19. Qxe4 Rhd8 20. Qe2 Kb8 21. Rhe1 Rd6 22. Be4 Qa5 23. a3 Qb6 24. Bxf5 gxf5 25. Qe5 g6 26. f4 Qb3 27. Qe2 Kc8 28. Qc2 Qa2 29. Re5 b6 30. Qa4 Kb7 31. Kc2 c5 32. Re3 cxd4 33. Rxd4 Rxd4 34. cxd4 Qd5 35. Rd3 Qe4 36. Kd2 a6 37. Qb4 Rd7 38. a4 a5 39. Qc4 Rc7 40. Qb3 Qg2+ 41. Ke1 Rc2 0-1

[Event "Oslo op-A"]
[Site "Oslo"]
[Date "2014.09.28"]
[Round "1"]
[White "Andersen, Mads"]
[Black "Pranav, Vijay"]
[Result "1-0"]
[WhiteElo "2470"]
[BlackElo "2197"]
[PlyCount "55"]
[EventDate "2014.09.28"]
[EventType "swiss"]
[EventRounds "9"]
[EventCountry "NOR"]
[SourceTitle "CBM 162 Extra"]
[Source "ChessBase"]
[SourceDate "2014.10.17"]
[SourceVersion "1"]
[SourceVersionDate "2014.10.17"]
[SourceQuality "1"]

1. c4 Nf6 2. Nc3 d5 3. cxd5 Nxd5 4. g3 g6 5. Bg2 Nb6 6. Nf3 Bg7 7. d4 Nc6 8. e3 0-0 9. 0-0 a5 10. d5 Nb4 11. e4 c6 12. a3 Na6 13. Re1 cxd5 14. exd5 Bxc3 15. bxc3 Qxd5 16. Qxd5 Nxd5 17. c4 Nb6 18. Rxe7 Be6 19. Bh6 Rfe8 20. Rxb7 Nxc4 21. Ng5 Rad8 22. Ne4 Kh8 23. Nf6 Nc5 24. Rb5 Na4 25. Nxe8 Rxe8 26. Bf1 Nab2 27. Bc1 Nd1 28. Bg5 1-0

[Event "IND-ch U15"]
[Site "Thrissur"]
[Date "2014.08.07"]
[Round "5"]
[White "Pranav, Vijay"]
[Black "Subhayan, Kundu"]
[Result "1/2-1/2"]
[WhiteElo "2203"]
[BlackElo "1878"]
[PlyCount "75"]
[EventDate "2014.08.04"]
[EventType "swiss"]
[EventRounds "11"]
[EventCountry "IND"]
[SourceTitle "CBM 162 Extra"]
[Source "ChessBase"]
[SourceDate "2014.10.17"]
[SourceVersion "1"]
[SourceVersionDate "2014.10.17"]
[SourceQuality "1"]

1. d4 Nf6 2. c4 g6 3. g3 Bg7 4. Bg2 d5 5. cxd5 Nxd5 6. Nf3 0-0 7. 0-0 e6 8. e4 Nb6 9. Nc3 Nc6 10. Bg5 Qd7 11. e5 h6 12. Bc1 Rd8 13. Qe2 Kh7 14. h4 f5 15. exf6 Bxf6 16. Be3 Nxd4 17. Bxd4 Bxd4 18. Rad1 c5 19. h5 Qg7 20. hxg6+ Kg8 21. Ne4 Nd5 22. b4 b6 23. bxc5 bxc5 24. Nxd4 cxd4 25. Qc4 Nb6 26. Qb3 Rb8 27. Rfe1 Qe7 28. Nc5 Qxc5 29. Rxe6 Qc4 30. Rxb6 Qxb3 31. Rxb3 Rxb3 32. axb3 Bf5 33. Bf1 d3 34. Rd2 Kg7 35. f3 Rb8 36. Kf2 Rxb3 37. g4 Bxg6 38. f4 1/2-1/2

[Event "Bangkok op 14th"]
[Site "Bangkok"]
[Date "2014.04.14"]
[Round "4"]
[White "Saptarshi, Roy Chowdhury"]
[Black "Pranav, Vijay"]
[Result "1/2-1/2"]
[WhiteElo "2434"]
[BlackElo "2217"]
[PlyCount "76"]
[EventDate "2014.04.12"]
[EventType "swiss"]
[EventRounds "9"]
[EventCountry "THA"]
[SourceTitle "CBM 159 Extra"]
[Source "ChessBase"]
[SourceDate "2014.04.24"]
[SourceVersion "1"]
[SourceVersionDate "2014.04.24"]
[SourceQuality "1"]

1. e4 c6 2. d4 d5 3. Nc3 dxe4 4. Nxe4 Bf5 5. Ng3 Bg6 6. h4 h6 7. Nf3 Nd7 8. h5 Bh7 9. Bd3 Bxd3 10. Qxd3 Qc7 11. Bd2 Ngf6 12. 0-0-0 0-0-0 13. Ne4 e6 14. g3 Nxe4 15. Qxe4 Nf6 16. Qe2 Bd6 17. c4 c5 18. Bc3 cxd4 19. Nxd4 a6 20. f4 Rd7 21. Kb1 Rhd8 22. Rc1 Kb8 23. Nb3 Qc6 24. Rhe1 Bc7 25. c5 Rd3 26. Be5 Qf3 27. Bxc7+ Kxc7 28. Qe5+ Kc8 29. c6 b6 30. Rf1 Qe4 31. Ka1 R8d5 32. Qxe4 Nxe4 33. g4 a5 34. Rfe1 Ng3 35. Rg1 Ne2 36. Rgf1 Ng3 37. Rg1 Ne2 38. Rgf1 Ng3 1/2-1/2

[Event "Wch U14"]
[Site "Al Ain"]
[Date "2013.12.27"]
[Round "10"]
[White "Song, Edward"]
[Black "Pranav, Vijay"]
[Result "1/2-1/2"]
[WhiteElo "2208"]
[BlackElo "2224"]
[PlyCount "115"]
[EventDate "2013.12.18"]
[EventType "swiss"]
[EventRounds "11"]
[EventCountry "UAE"]
[SourceTitle "CBM 158 Extra"]
[Source "ChessBase"]
[SourceDate "2014.02.28"]
[SourceVersion "1"]
[SourceVersionDate "2014.02.28"]
[SourceQuality "1"]

1. e4 e5 2. Nf3 d6 3. d4 exd4 4. Nxd4 Nf6 5. Nc3 Be7 6. Bc4 0-0 7. 0-0 c6 8. a4 a5 9. Re1 Re8 10. Bf4 Bf8 11. Qd2 Nbd7 12. f3 Qb6 13. b3 Ne5 14. Bf1 Bd7 15. Kh1 h6 16. Rad1 Rad8 17. h3 Bc8 18. Be3 Qc7 19. Qf2 Qb8 20. f4 Ned7 21. Qf3 Nc5 22. Bf2 d5 23. exd5 Rxe1 24. Bxe1 cxd5 25. Ncb5 Bd7 26. Bxa5 b6 27. Be1 Re8 28. c4 Nce4 29. Nc3 dxc4 30. Bxc4 Bc5 31. Nxe4 Nxe4 32. Bd5 Nf6 33. Bg3 Nxd5 34. Qxd5 Qc8 35. Kh2 Re3 36. Nc2 Re2 37. Qxd7 Qxd7 38. Rxd7 Rxc2 39. Rd3 Rc1 40. h4 g6 41. Rf3 Rb1 42. f5 gxf5 43. Be5 Kf8 44. h5 Bg1+ 45. Kg3 Bc5 46. Bf4 Kg7 47. Be5+ Kf8 48. Kf4 Rh1 49. Kxf5 Rxh5+ 50. Ke4 Ke7 51. Rf5 Rh1 52. Rf3 Ke6 53. Rf6+ Ke7 54. Rf3 Ke6 55. Rf6+ Ke7 56. Rc6 Kd7 57. Rc7+ Ke6 58. Rc6+ 1/2-1/2

[Event "Wch U14"]
[Site "Al Ain"]
[Date "2013.12.18"]
[Round "1"]
[White "Pranav, Vijay"]
[Black "Ooi, Zhi Yang"]
[Result "1-0"]
[WhiteElo "2224"]
[BlackElo "1803"]
[PlyCount "47"]
[EventDate "2013.12.18"]
[EventType "swiss"]
[EventRounds "11"]
[EventCountry "UAE"]
[SourceTitle "CBM 158 Extra"]
[Source "ChessBase"]
[SourceDate "2014.02.28"]
[SourceVersion "1"]
[SourceVersionDate "2014.02.28"]
[SourceQuality "1"]

1. d4 c5 2. d5 Nf6 3. g3 e6 4. c4 exd5 5. cxd5 d6 6. Nc3 g6 7. Bg2 Bg7 8. Nf3 0-0 9. 0-0 a6 10. a4 Nbd7 11. Nd2 Rb8 12. Nc4 Nb6 13. Ne3 Na8 14. Nc4 b5 15. axb5 axb5 16. Nxb5 Rxb5 17. Rxa8 Rb4 18. b3 Qc7 19. Bf4 Ne8 20. e4 h6 21. e5 g5 22. exd6 Qb7 23. d7 Qxd7 24. Be3 1-0

[Event "Chennai op"]
[Site "Chennai"]
[Date "2013.11.15"]
[Round "1"]
[White "Neverov, Valeriy"]
[Black "Pranav, Vijay"]
[Result "1-0"]
[WhiteElo "2508"]
[BlackElo "2251"]
[PlyCount "118"]
[EventDate "2013.11.15"]
[EventType "swiss"]
[EventRounds "11"]
[EventCountry "IND"]
[SourceTitle "CBM 157 Extra"]
[Source "ChessBase"]
[SourceDate "2013.12.19"]
[SourceVersion "1"]
[SourceVersionDate "2013.12.19"]
[SourceQuality "1"]

1. Nf3 Nf6 2. g3 g6 3. Bg2 Bg7 4. 0-0 0-0 5. c4 d5 6. d4 c6 7. b3 Bf5 8. Nc3 Ne4 9. Bb2 Nxc3 10. Bxc3 Be4 11. Rc1 Nd7 12. Bh3 Bxf3 13. exf3 dxc4 14. bxc4 Nb6 15. Qb3 e6 16. Rfd1 Re8 17. a4 Rb8 18. a5 Nd7 19. f4 b6 20. axb6 axb6 21. Ra1 b5 22. cxb5 Rxb5 23. Qc4 Qc7 24. Bg2 Rc8 25. Rdc1 Nb6 26. Qd3 Nd5 27. Bd2 Qb7 28. Ra4 Rb3 29. Qe4 Rb2 30. Be1 Rb8 31. Rac4 Rb6 32. h3 h6 33. Kh2 Kh7 34. Bf3 Qa6 35. Kg2 Qb7 36. R1c2 Ra8 37. Bd2 Ra1 38. h4 h5 39. Kh2 Nf6 40. Qd3 Nd5 41. Qe2 Ra3 42. Be4 Kg8 43. f5 gxf5 44. Bxd5 exd5 45. R4c3 Rxc3 46. Bxc3 Rb1 47. Ra2 Rc1 48. Bd2 Rc4 49. Qxh5 Bxd4 50. Qxf5 Bg7 51. h5 Re4 52. h6 Bd4 53. Bg5 Re6 54. Qg4 Re4 55. Bf4+ Kh7 56. Qf5+ Kg8 57. Ra3 Re8 58. Ra4 Qb2 59. Be3 Bxe3 1-0

[Event "IND-chB 51st"]
[Site "Bhopal"]
[Date "2013.10.17"]
[Round "7"]
[White "Pranav, Vijay"]
[Black "Basu, Suman"]
[Result "1-0"]
[WhiteElo "2239"]
[BlackElo "2067"]
[PlyCount "65"]
[EventDate "2013.10.12"]
[EventType "swiss"]
[EventRounds "13"]
[EventCountry "IND"]
[SourceTitle "EXT 2014"]
[Source "ChessBase"]
[SourceDate "2013.11.20"]
[SourceVersion "1"]
[SourceVersionDate "2013.11.20"]
[SourceQuality "1"]

1. d4 Nf6 2. c4 e6 3. g3 d5 4. Nf3 Bb4+ 5. Bd2 Be7 6. Bg2 0-0 7. 0-0 c6 8. Qc2 b6 9. Rd1 Nbd7 10. b3 Bb7 11. Nc3 Ba6 12. Bf4 Rc8 13. e4 Nh5 14. Be3 f5 15. exf5 exf5 16. Ne2 dxc4 17. bxc4 g5 18. Qc1 h6 19. Ne5 Nxe5 20. dxe5 Qe8 21. f4 Qf7 22. Rd7 Rfd8 23. Rxa7 gxf4 24. gxf4 Qxc4 25. Qxc4+ Bxc4 26. Bf3 Rd3 27. Rxe7 Rxe3 28. Bxh5 Rxe2 29. Bxe2 Bxe2 30. Kf2 Bc4 31. Rg1+ Kh8 32. Rg6 Bxa2 33. Rxh6+ 1-0

[Event "IND-ch U15 39th"]
[Site "Kolkata"]
[Date "2013.08.11"]
[Round "8"]
[White "Pranav, Vijay"]
[Black "Karthik, V."]
[Result "1-0"]
[WhiteElo "2233"]
[BlackElo "2127"]
[PlyCount "85"]
[EventDate "2013.08.06"]
[EventType "swiss"]
[EventRounds "11"]
[EventCountry "IND"]
[SourceTitle "CBM 155 Extra"]
[Source "ChessBase"]
[SourceDate "2013.08.26"]
[SourceVersion "1"]
[SourceVersionDate "2013.08.26"]
[SourceQuality "1"]

1. d4 Nf6 2. c4 e6 3. g3 c5 4. d5 exd5 5. cxd5 d6 6. Nc3 g6 7. Bg2 Bg7 8. Nf3 0-0 9. 0-0 a6 10. a4 Re8 11. Bf4 Nh5 12. Bg5 Qc7 13. Qd2 Nd7 14. Bh6 Bh8 15. Rac1 b6 16. Ng5 Ne5 17. h3 b5 18. axb5 Rb8 19. b4 Nc4 20. Qd3 cxb4 21. Na2 axb5 22. Nxb4 Ra8 23. Nc6 Ra3 24. Qb1 Ba6 25. Rfd1 Ra1 26. Qb4 Ra4 27. Qb3 Ra3 28. Qb1 Ra1 29. Qc2 Rxc1 30. Rxc1 Qb6 31. Qb3 Qc7 32. Qb4 Nf6 33. Ra1 Qb6 34. Ra2 Bb7 35. Rc2 Bxc6 36. dxc6 d5 37. c7 Bg7 38. Bxg7 Kxg7 39. e4 h6 40. exd5 hxg5 41. Rxc4 Re2 42. Rc5 Re1+ 43. Kh2 1-0

[Event "IND-ch U15 39th"]
[Site "Kolkata"]
[Date "2013.08.08"]
[Round "4"]
[White "Pranav, Vijay"]
[Black "Rohan, Ahuja"]
[Result "1/2-1/2"]
[WhiteElo "2233"]
[BlackElo "2099"]
[PlyCount "84"]
[EventDate "2013.08.06"]
[EventType "swiss"]
[EventRounds "11"]
[EventCountry "IND"]
[SourceTitle "CBM 155 Extra"]
[Source "ChessBase"]
[SourceDate "2013.08.26"]
[SourceVersion "1"]
[SourceVersionDate "2013.08.26"]
[SourceQuality "1"]

1. d4 Nf6 2. c4 g6 3. g3 Bg7 4. Bg2 d5 5. cxd5 Nxd5 6. Nf3 Nb6 7. Nc3 Nc6 8. Bf4 Bg4 9. 0-0 0-0 10. d5 Bxf3 11. Bxf3 Ne5 12. Bg2 c6 13. Rc1 Rc8 14. Qb3 c5 15. Qc2 Nbc4 16. Rfd1 Nd6 17. Ne4 Qa5 18. a3 Qb5 19. a4 Qa5 20. Bd2 Qd8 21. Bc3 a6 22. b3 b6 23. Qb2 f6 24. Bxe5 Nxe4 25. Bxe4 fxe5 26. e3 Qd6 27. Qe2 Ra8 28. Qg4 Ra7 29. Qe6+ Kh8 30. h4 Raa8 31. Kg2 Rf6 32. Qg4 Raf8 33. Rc2 a5 34. Rh1 h6 35. Qe2 Rxf2+ 36. Qxf2 Rxf2+ 37. Rxf2 Bf6 38. h5 g5 39. Rd1 Kg7 40. g4 Qd7 41. Bf5 Qd6 42. e4 Kf8 1/2-1/2

[Event "Commonwealth & RSA op"]
[Site "Port Elizabeth"]
[Date "2013.07.10"]
[Round "7"]
[White "L'Ami, Alina"]
[Black "Pranav, Vijay"]
[Result "1-0"]
[WhiteElo "2356"]
[BlackElo "2214"]
[PlyCount "75"]
[EventDate "2013.07.06"]
[EventType "swiss"]
[EventRounds "11"]
[EventCountry "RSA"]
[SourceTitle "CBM 155 Extra"]
[Source "ChessBase"]
[SourceDate "2013.08.26"]
[SourceVersion "1"]
[SourceVersionDate "2013.08.26"]
[SourceQuality "1"]

1. d4 Nf6 2. c4 g6 3. Nc3 d5 4. cxd5 Nxd5 5. Bd2 Bg7 6. e4 Nb6 7. Be3 0-0 8. h3 Nc6 9. Nf3 Na5 10. Rc1 Nac4 11. Bf4 e5 12. Nxe5 Nxb2 13. Qd2 Bxe5 14. dxe5 Qxd2+ 15. Bxd2 c6 16. Bg5 Be6 17. f4 Bc4 18. Bxc4 N6xc4 19. Ke2 b5 20. h4 a5 21. h5 a4 22. hxg6 fxg6 23. e6 a3 24. e5 h5 25. g4 Rae8 26. e7 Rf7 27. gxh5 Rf5 28. Ne4 Rxg5 29. Nxg5 Rxe7 30. e6 gxh5 31. Rxh5 Kg7 32. Rh7+ Kf6 33. Rf7+ Rxf7 34. exf7 Ke7 35. Rh1 Nb6 36. Rh8 Nd7 37. Re8+ Kf6 38. Rd8 1-0